Contratti innominati nel diritto romano. Imostazioni di Labeone e di Aristone.

Guardat en:
Dades bibliogràfiques
Autor principal: Zhang, Lihong (autore)
Format: Llibre
Publicat: Milano, Italia: Dott. A. Giuffrè Editore, 2007.
Col·lecció:Università degli studi di Roma Tor Vergata. Pubblicazioni della Facoltà di giurisprudenza. Sezione di storia e teoria del diritto,
Matèries:
Etiquetes: Afegir etiqueta
Sense etiquetes, Sigues el primer a etiquetar aquest registre!

MARC

LEADER 00000nam a22000007a 4500
003 CL-VaPUC
005 20220822114533.0
008 220630t2007 ||||| |||| 00| 0 eng d
999 |c 436565  |d 436563 
020 |a 88-14-13067-1 
040 |c Pontificia Universidad Católica de Valparaíso 
082 7 |a 346.3702 ZHA 2007  |2 22 
100 1 |a Zhang, Lihong  |e autore  |9 871888 
245 |a Contratti innominati nel diritto romano.  |b Imostazioni di Labeone e di Aristone. 
260 |a Milano, Italia:  |b Dott. A. Giuffrè Editore,  |c 2007. 
300 |a 279 páginas.  
490 |a Università degli studi di Roma Tor Vergata. Pubblicazioni della Facoltà di giurisprudenza. Sezione di storia e teoria del diritto,   |n  7. 
500 |a c.1 Donación Familia Prof. Alejandro Guzmán Brito. 
583 |c 20220630  |k Cristina María Rojas Aguilar 
600 |a Labeo, Marcus Antistius  |x Jurista romano  |9 872026 
600 |a Aristo, Titus.  |x Jurista romano  |9 872027 
650 |a Contratos sin nombre   |x Derecho romano  |9 872028 
650 |a Contratos  |9 255153 
942 |2 ddc  |c BK  |n 0 
952 |0 0  |1 0  |2 ddc  |4 0  |6 346_370200000000000_ZHA_2007  |7 1  |8 C_AGB  |9 584242  |a BIBDER  |b BIBDER  |d 2022-06-30  |e Donación   |i 5652353  |o 346.3702 ZHA 2007  |p 5652353  |r 2023-01-25  |t 1  |w 2022-06-30  |y BK_US  |k AGB